00801cam a2200265 a 4500001000800000005001700008008004100025020001600066020001600082040001800098082002400116100002200140245006800162260004700230300001700277490003000294500002200324650001000346650002600356650001000382650002800392942000600420952009600426999001300522419117820240303232308.0821207s1981 enk b 001 0 eng  a0422761400  a0422761508  aDLCcDLCdDLC00a323,334.219bWOM. 1 aStacey, Margaret.10aWomen, power, and politics /cMargaret Stacey and Marion Price. aNew York :bTavistock Publication /c1981. aix, 214 p. ;0 aTavistock women's studies aIncludes indexes. 0aWomen 0aWomen in public life. 0aWomen 0aPower (Social sciences) cL 001040708LaWERCLbWERCLd2024-03-04l0o323,334. WOM. p5419r2024-03-03w2024-03-03yL c529d529